Normal view
MARC view
- Marsh, Robert
Entry Personal Name
001 - CONTROL NUMBER
- control field: 25750
003 - CONTROL NUMBER IDENTIFIER
- control field: IN-BhIIT
005 - DATE AND TIME OF LATEST TRANSACTION
- control field: 20250311110818.0
008 - FIXED-LENGTH DATA ELEMENTS
- fixed length control field: 250311|| aca||aabn | a|a d
040 ## - CATALOGING SOURCE
- Original cataloging agency: IN-BhIIT
- Transcribing agency: IN-BhIIT
100 ## - HEADING--PERSONAL NAME
- Personal name: Marsh, Robert
670 ## - SOURCE DATA FOUND
- Source citation: Work cat.: (IN-BhIIT)14792: Marsh, Robert, Author., Ocean currents :, 2021.